Every Country with an Olympic Medal: Fencing - Statistics

General Stats
  • This quiz has been taken 34 times
    26 since last reset
  • The average score is 27 of 42
Answer Stats
# of Medals Country % Correct
15 China
100%
21 Germany
100%
26 Russia
100%
37 USA
100%
130 France
95%
9 Great Britain
95%
8 Japan
95%
22 Poland
95%
1 Poland
95%
93 Hungary
90%
135 Italy
90%
19 South Korea
85%
1 Canada
80%
2 Egypt
80%
1 Spain
80%
5 Netherlands
75%
17 Romania
75%
49 Soviet Union
75%
7 Sweden
75%
5 Greece
70%
1 Norway
70%
9 Ukraine
70%
7 Austria
65%
10 Belgium
65%
2 Estonia
65%
1 Portugal
65%
6 Denmark
60%
3 Hong Kong
60%
1 Mexico
60%
8 Switzerland
60%
1 Argentina
55%
10 Cuba
50%
2 Czech Republic
50%
2 Tunisia
50%
1 Venezuela
40%
16 West Germany
40%
1 East Germany
35%
8 Russian Olympic Committee
15%
2 Bohemia
10%
5 Unified Team
10%
1 Mixed Team
0%
4 United Team of Germany
0%
No matching quizzes found
Score Distribution
Percent of People with Each Score
Percentile by Number Answered
Your Score History
You have not taken this quiz since the last reset